Statistics for All Premier League goalscorers of 22/23

Click here to take the quiz!

General Stats

  • This quiz has been taken 39 times
  • The average score is 95 of 271

Answer Stats

ClubNo. of goalsPlayer% Correct
Arsenal14Bukayo Saka
100%
Manchester City36Erling Haaland
100%
Arsenal15Gabriel Martinelli
100%
Tottenham Hotspur30Harry Kane
100%
Manchester United17Marcus Rashford
100%
Liverpool19Mohamed Salah
100%
Fulham14Aleksandar Mitrović
97%
Newcastle United18Callum Wilson
97%
Arsenal11Gabriel Jesus
97%
Fulham2Harry Wilson
97%
Arsenal15Martin Ødegaard
97%
Brentford20Ivan Toney
94%
Leicester City10James Maddison
94%
Tottenham Hotspur10Heung-min Son
91%
Leicester City3Jamie Vardy
85%
Manchester City11Phil Foden
85%
Manchester City2Rodri
85%
Manchester United8Bruno Fernandes
82%
Liverpool9Darwin Núñez
82%
Manchester City8İlkay Gündoğan
82%
Newcastle United10Alexander Isak
79%
Manchester City4Bernardo Silva
79%
Liverpool7Diogo Jota
79%
Leicester City13Harvey Barnes
79%
Manchester City5Jack Grealish
79%
Aston Villa15Ollie Watkins
79%
Manchester City5Riyad Mahrez
79%
Liverpool11Roberto Firmino
79%
Brighton & Hove Albion6Danny Welbeck
76%
Manchester City7Kevin De Bruyne
76%
Liverpool4Luis Díaz
76%
Leeds United4Patrick Bamford
76%
Liverpool2Trent Alexander-Arnold
76%
Crystal Palace7Wilfried Zaha
76%
Manchester City9Julián Álvarez
73%
Southampton9James Ward-Prowse
70%
Newcastle United11Miguel Almirón
70%
Liverpool3Virgil van Dijk
70%
Brighton & Hove Albion10Alexis Mac Allister
67%
Manchester City2John Stones
67%
Manchester United6Anthony Martial
64%
West Ham United8Danny Ings
64%
West Ham United4Declan Rice
64%
Arsenal3Gabriel
64%
Manchester United6Jadon Sancho
64%
Brighton & Hove Albion7Kaoru Mitoma
64%
Chelsea6Raheem Sterling
64%
Tottenham Hotspur1Richarlison
64%
Leeds United13Rodrigo
64%
Arsenal3Thomas Partey
64%
Manchester United4Casemiro
61%
Crystal Palace10Eberechi Eze
61%
Chelsea7Kai Havertz
61%
Arsenal8Leandro Trossard
61%
Arsenal2William Saliba
61%
Brighton & Hove Albion6Evan Ferguson
58%
West Ham United6Jarrod Bowen
58%
Crystal Palace1Joel Ward
58%
West Ham United5Michail Antonio
58%
Brighton & Hove Albion7Solly March
58%
Nottingham Forest10Taiwo Awoniyi
58%
Nottingham Forest5Morgan Gibbs-White
55%
Brighton & Hove Albion9Pascal Groß
55%
Nottingham Forest8Brennan Johnson
52%
Everton2Dominic Calvert-Lewin
52%
Manchester City2João Cancelo
52%
Newcastle United1Kieran Trippier
52%
Crystal Palace2Michael Olise
52%
Brighton & Hove Albion1Moisés Caicedo
52%
Tottenham Hotspur4Pierre-Emile Højbjerg
52%
Brentford9Bryan Mbeumo
48%
Liverpool7Cody Gakpo
48%
Arsenal7Granit Xhaka
48%
Wolverhampton Wanderers6Rúben Neves
48%
Newcastle United4Anthony Gordon
45%
Manchester United4Antony
45%
Arsenal2Ben White
45%
Newcastle United4Bruno Guimarães
45%
Newcastle United1Dan Burn
45%
Manchester United2Fred
45%
Newcastle United3Joe Willock
45%
Brighton & Hove Albion1Lewis Dunk
45%
Manchester City1Nathan Aké
45%
Arsenal1Oleksandr Zinchenko
45%
Leicester City3Youri Tielemans
45%
Newcastle United1Allan Saint-Maximin
42%
Fulham2Dan James
42%
Tottenham Hotspur2Dejan Kulusevski
42%
Arsenal4Eddie Nketiah
42%
Newcastle United1Fabian Schär
42%
Aston Villa6Jacob Ramsey
42%
Crystal Palace5Odsonne Édouard
42%
Chelsea1Reece James
42%
Manchester United1Scott McTominay
42%
Everton5Abdoulaye Doucouré
39%
Fulham4Andreas Pereira
39%
Manchester United1Christian Eriksen
39%
Liverpool3Curtis Jones
39%
Bournemouth6Dominic Solanke
39%
Southampton1Duje Ćaleta-Car
39%
Tottenham Hotspur2Eric Dier
39%
Newcastle United6Joelinton
39%
Liverpool1Joel Matip
39%
Manchester United1Luke Shaw
39%
Chelsea3Mason Mount
39%
Leicester City1Ricardo Pereira
39%
Leicester City1Wout Faes
39%
Brighton & Hove Albion5Deniz Undav
36%
Crystal Palace4Jordan Ayew
36%
Leicester City5Kelechi Iheanacho
36%
Wolverhampton Wanderers1Matheus Nunes
36%
Everton1Neal Maupay
36%
Brentford7Yoane Wissa
36%
Wolverhampton Wanderers2Adama Traoré
33%
Aston Villa2Boubacar Traoré
33%
Chelsea3Conor Gallagher
33%
Everton4Demarai Gray
33%
Manchester United1Diogo Dalot
33%
Everton7Dwight McNeil
33%
Aston Villa1Lucas Digne
33%
Brighton & Hove Albion1Pervis Estupiñán
33%
Newcastle United1Sean Longstaff
33%
West Ham United2Tomáš Souček
33%
Fulham5Willian
33%
Everton2Alex Iwobi
30%
Manchester United1Cristiano Ronaldo
30%
Wolverhampton Wanderers1Diego Costa
30%
Leeds United5Jack Harrison
30%
West Ham United4Lucas Paquetá
30%
Chelsea1Mateo Kovačić
30%
Leicester City4Patson Daka
30%
Bournemouth7Philip Billing
30%
Arsenal3Reiss Nelson
30%
Tottenham Hotspur5Rodrigo Bentancur
30%
West Ham United6Saïd Benrahma
30%
Southampton2Adam Armstrong
27%
Manchester United3Alejandro Garnacho
27%
Everton1Amadou Onana
27%
Chelsea2Ben Chilwell
27%
Southampton5Che Adams
27%
Wolverhampton Wanderers6Daniel Podence
27%
Aston Villa6Douglas Luiz
27%
Aston Villa5Emiliano Buendía
27%
Liverpool2Fábio Carvalho
27%
Wolverhampton Wanderers3Hee-chan Hwang
27%
Arsenal2Jorginho
27%
West Ham United2Kurt Zouma
27%
Aston Villa4Leon Bailey
27%
Tottenham Hotspur1Oliver Skipp
27%
Southampton2Stuart Armstrong
27%
Tottenham Hotspur2Ben Davies
24%
Leicester City1Çağlar Söyüncü
24%
Fulham3Harrison Reed
24%
Liverpool1Harvey Elliott
24%
Crystal Palace2Jean-Philippe Mateta
24%
Chelsea4João Félix
24%
Fulham3João Palhinha
24%
Aston Villa1John McGinn
24%
Brighton & Hove Albion4Julio Enciso
24%
Manchester United1Lisandro Martínez
24%
Tottenham Hotspur1Lucas Moura
24%
Leeds United2Luke Ayling
24%
Chelsea1Pierre-Emerick Aubameyang
24%
Southampton2Theo Walcott
24%
Aston Villa1Tyrone Mings
24%
Brentford1Christian Nørgaard
21%
Nottingham Forest3Chris Wood
21%
West Ham United1Emerson
21%
West Ham United3Gianluca Scamacca
21%
Chelsea2Kalidou Koulibaly
21%
Brentford5Mathias Jensen
21%
Brentford3Ben Mee
18%
Fulham4Bobby de Cordova-Reid
18%
Fulham5Carlos Vinícius
18%
Arsenal1Fábio Vieira
18%
Newcastle United4Jacob Murphy
18%
Everton1James Tarkowski
18%
Crystal Palace1Joachim Andersen
18%
Wolverhampton Wanderers1João Gomes
18%
Leicester City2Kiernan Dewsbury-Hall
18%
Bournemouth5Marcus Tavernier
18%
Tottenham Hotspur3Pedro Porro
18%
Aston Villa1Philippe Coutinho
18%
Leicester City2Timothy Castagne
18%
Fulham1Tim Ream
18%
Brentford3Vitaly Janelt
18%
Crystal Palace1Will Hughes
18%
Aston Villa1Ashley Young
15%
Leeds United1Brenden Aaronson
15%
Tottenham Hotspur1Ivan Perišić
15%
Crystal Palace3Jeffrey Schlupp
15%
Brighton & Hove Albion1Joël Veltman
15%
Fulham1Kenny Tete
15%
Crystal Palace1Marc Guéhi
15%
Wolverhampton Wanderers2Matheus Cunha
15%
Everton1Michael Keane
15%
West Ham United2Nayef Aguerd
15%
Chelsea1Noni Madueke
15%
West Ham United3Pablo Fornals
15%
Southampton1Roméo Lavia
15%
Tottenham Hotspur2Ryan Sessegnon
15%
Leicester City1Tetê
15%
Everton2Yerry Mina
15%
Brighton & Hove Albion2Adam Lallana
12%
Liverpool1Alex Oxlade-Chamberlain
12%
Tottenham Hotspur1Arnaut Danjuma
12%
Southampton4Carlos Alcaraz
12%
Nottingham Forest1Cheikhou Kouyaté
12%
Everton1Conor Coady
12%
Leeds United4Crysencio Summerville
12%
Nottingham Forest3Danilo
12%
Brentford3Ethan Pinnock
12%
Bournemouth2Jaidon Anthony
12%
Bournemouth5Jefferson Lerma
12%
Bournemouth4Kieffer Moore
12%
Southampton1Kyle Walker-Peters
12%
Leeds United1Liam Cooper
12%
Leicester City1Marc Albrighton
12%
Brentford1Pontus Jansson
12%
Leeds United3Rasmus Kristensen
12%
Leeds United1Sam Greenwood
12%
Everton1Séamus Coleman
12%
Nottingham Forest1Serge Aurier
12%
Chelsea1Wesley Fofana
12%
Chelsea1Armando Broja
9%
Chelsea1Christian Pulisic
9%
Wolverhampton Wanderers1Craig Dawson
9%
Nottingham Forest2Emmanuel Dennis
9%
Arsenal1Jakub Kiwior
9%
Crystal Palace1James Tomkins
9%
Brentford4Josh Dasilva
9%
West Ham United1Manuel Lanzini
9%
Leicester City1Nampalys Mendy
9%
Bournemouth1Ryan Christie
9%
Chelsea1Benoît Badiashile
6%
Tottenham Hotspur2Emerson Royal
6%
Brighton & Hove Albion1Facundo Buonanotte
6%
Fulham1Issa Diop
6%
Wolverhampton Wanderers1Jonny
6%
Leeds United1Junior Firpo
6%
Southampton2Kamaldeen Sulemana
6%
Leeds United5Luis Sinisterra
6%
Fulham4Manor Solomon
6%
Bournemouth2Matías Viña
6%
Nottingham Forest1Neco Williams
6%
Wolverhampton Wanderers1Pablo Sarabia
6%
Southampton1Sékou Mara
6%
Liverpool1Stefan Bajčetić
6%
Leeds United2Wilfried Gnonto
6%
Bournemouth1Dango Ouattara
3%
Everton1Ellis Simms
3%
Wolverhampton Wanderers1Gonçalo Guedes
3%
Southampton2Joe Aribo
3%
Nottingham Forest1Joe Worrall
3%
Leeds United1Marc Roca
3%
Tottenham Hotspur1Matt Doherty
3%
Southampton1Mohamed Elyounoussi
3%
Nottingham Forest1Orel Mangala
3%
Wolverhampton Wanderers1Rayan Aït-Nouri
3%
Southampton2Romain Perraud
3%
Fulham2Tom Cairney
3%
Wolverhampton Wanderers1Toti
3%
Bournemouth1Antoine Semenyo
0%
Leicester City1Dennis Praet
0%
Nottingham Forest1Lewis O'Brien
0%
Southampton1Lyanco
0%
Bournemouth2Marcos Senesi
0%
Leeds United2Pascal Struijk
0%
Arsenal1Rob Holding
0%
Nottingham Forest1Sam Surridge
0%
Fulham1Tosin Adarabioyo
0%

Score Distribution

Percentile by Number Answered

Percent of People with Each Score

Your Score History

You have not taken this quiz